000 00955cam a2200277 i 4500
001 15018
003 BD-RjUL
005 20211208235732.0
008 140209s1986 1980 txua b 001 0 eng
020 _a0256022747
035 _a(BD-RjUL)15072
040 _aDLC
_cDLC
_d(BD-RjUL)
_beng
041 _aeng
082 0 0 _a658
_bIVM 1986
100 1 _aIvancevich, John M.
_946746
245 1 0 _aManaging for performance /
_cJohn M. Ivancevich, James H. Donnelly, Jr., James L. Gibson ; [cover and part opening photos, H. Armstrong Roberts].
260 _aDallas, Tex. :
_bBusiness Publications ;
_aGeorgetown, Ont. :
_bIrwin-Dorsey,
_c1986.
300 _axviii, 563 p. :
_bill. ;
_c25 cm.
504 _aIncludes bibliographies and index.
650 0 _aManagement.
_946747
700 1 _aDonnelly, James H.,
_9231558
700 1 _aGibson, James L.
_q(James Lawrence),
_d1935-
_9231559
942 _2ddc
_cBK
999 _c15018
_d15018